De l'Idiotie chez les enfants et des autres particularités d'intelligence ou de caractère qui nécessitent pour eux une instruction et une éducation spéciales (Record no. 183582)

MARC details
000 -LEADER
campo de control de longitud fija 00726nam a2200169 i 4500
001 - NÚMERO DE CONTROL
campo de control 183582
003 - IDENTIFICADOR DE NÚMERO DE CONTROL
campo de control ES-MaACL
005 - FECHA Y HORA DE LA ÚLTIMA TRANSACCIÓN
campo de control 20250730063156.0
008 - DATOS DE LONGITUD FIJA--INFORMACIÓN GENERAL
campo de control de longitud fija 140724s1843 fr |||| | fre d
100 1# - ENTRADA PRINCIPAL--NOMBRE DE PERSONA
Nombre de persona Voisin, Félix,
Fechas asociadas al nombre 1794-1872
9 (RLIN) 155070
245 10 - MENCIÓN DEL TÍTULO
Título De l'Idiotie chez les enfants et des autres particularités d'intelligence ou de caractère qui nécessitent pour eux une instruction et une éducation spéciales
Resto del título : de leur responsabilité morale /
Mención de responsabilidad, etc. par Félix Voisin, ...
260 ## - PUBLICACIÓN, DISTRIBUCIÓN, ETC.
Lugar de publicación, distribución, etc. Paris :
Nombre del editor, distribuidor, etc. J.-B. Baillière,
Fecha de publicación, distribución, etc. 1843.
300 ## - DESCRIPCIÓN FÍSICA
Extensión 122 p. ;
Dimensiones 20 cm.
650 #4 - PUNTO DE ACCESO ADICIONAL DE MATERIA--TÉRMINO DE MATERIA
Término de materia o nombre geográfico como elemento de entrada Niños con discapacidad mental-
Subdivisión general Educación.
9 (RLIN) 148837
852 ## - LOCALIZACIÓN
Ubicación ES-MaACL
Número de control de estantería R-1362(3)
Nota libre .- Donat. Mateo Seoane
Holdings
Estatus retirado Estado de pérdida Estado de daño No para préstamo Colección Biblioteca de origen Biblioteca actual Ubicación en estantería Fecha de adquisición Fuente de adquisición Total de préstamos Signatura topográfica completa Código de barras Visto por última vez Precio de reemplazo Tipo de ítem Koha
        Libros del s. XIX Biblioteca del Ateneo de Madrid Biblioteca del Ateneo de Madrid Depósito 24/07/2014     R-1360-71(3) 1192964 23/02/2023 23/02/2023 Libro impreso antiguo